Los Cambios en la CAN y los matices de la agenda integracionista latinoamericana
Պահպանված է:
| Ձևաչափ: | Տեքստ |
|---|---|
| Խորագրեր: | |
| Ցուցիչներ: |
Ավելացրեք ցուցիչ
Չկան պիտակներ, Եղեք առաջինը, ով նշում է այս գրառումը!
|
MARC
| LEADER | 00000 a a2200000 04500 | ||
|---|---|---|---|
| 001 | 13113 | ||
| 003 | |||
| 040 | |||
| 245 | |a Los Cambios en la CAN y los matices de la agenda integracionista latinoamericana | ||
| 650 | |a GRUPO ANDINO | ||
| 650 | |a VENEZUELA | ||
| 650 | |a CONFLICTOS | ||
| 650 | |a CAMBIO ECONOMICO | ||
| 773 | |g volumen 7, número 4; páginas 3-4 | ||
| 999 | |c 19878 |d 19878 | ||
